Central Library OPAC University of Rajshahi

Documents from Islamic chanceries / (Record no. 26752)

MARC details
000 -LEADER
fixed length control field 01013cam a2200313 4500
001 - CONTROL NUMBER
control field 26752
003 - CONTROL NUMBER IDENTIFIER
rucl marc code BD-RjUL
005 - DATE AND TIME OF LATEST TRANSACTION
control field 20211209051049.0
008 - FIXED-LENGTH DATA ELEMENTS--GENERAL INFORMATION
fixed length control field 140323s1965 scua b 000 0 eng
020 ## - INTERNATIONAL STANDARD BOOK NUMBER
International Standard Book Number 0872491781
035 ## - SYSTEM CONTROL NUMBER
System control number (BD-RjUL)
040 ## - CATALOGING SOURCE
Original cataloging agency DLC
Transcribing agency DLC
Modifying agency DLC
-- BD-RjUL
Language of cataloging eng
041 ## - LANGUAGE CODE
Language code of text/sound track or separate title eng
082 00 - DEWEY DECIMAL CLASSIFICATION NUMBER
Classification number 956.01
Author mark and year DOC V-2 1965
245 10 - TITLE STATEMENT
Title Documents from Islamic chanceries /
Statement of responsibility, etc. first series: essays by J. Aubin [and others] Editor: S. M. Stern.
Number of part/section of a work Volume II
260 ## - PUBLICATION, DISTRIBUTION, ETC. (IMPRINT)
Place of publication, distribution, etc. Columbia :
Name of publisher, distributor, etc. University of South Carolina Press,
Date of publication, distribution, etc. c1965.
300 ## - PHYSICAL DESCRIPTION
Pagination 254 p. :
Illustrations ill. ;
Size 25 cm.
350 ## - PRICE (NR) (BK AM CF MU VM SE) [OBSOLETE]
Price $9.95
504 ## - BIBLIOGRAPHY, ETC. NOTE
Bibliography, etc Includes bibliographical references.
650 #0 - SUBJECT ADDED ENTRY--TOPICAL TERM
Topical term or geographic name as entry element Diplomatics.
9 (RLIN) 82207
651 #0 - SUBJECT ADDED ENTRY--GEOGRAPHIC NAME
Geographic name Islamic Empire
General subdivision History
-- Sources.
9 (RLIN) 82208
Geographic name Middle East
General subdivision History
Chronological subdivision 1517-
General subdivision Sources.
9 (RLIN) 82209
700 1# - ADDED ENTRY--PERSONAL NAME
Personal name Aubin, Jean,
Dates associated with a name 1927-1998.
Personal name Stern, S. M.
942 ## - ADDED ENTRY ELEMENTS (KOHA)
Source of classification or shelving scheme Dewey Decimal Classification
Koha item type Books
Holdings
Lost status Source of classification or shelving scheme Damaged status Not for loan Collection code Permanent Location Current Location Shelving location Date acquired Source of acquisition Cost, normal purchase price Total Checkouts Full call number Date last seen Copy number Koha item type
  Dewey Decimal Classification     Non-fiction Central Library, University of Rajshahi Central Library, University of Rajshahi   23/09/1968 Zeitlinger 50.00   956.01 DOC V-2 1965 23/03/2014 C-2 Books
  Dewey Decimal Classification   Added to bundle Non-fiction Central Library, University of Rajshahi Central Library, University of Rajshahi   23/09/1968 Zeitlinger 50.00   956.01 DOC V-2 1965 23/03/2014 C-1 Books